|
|
|
|
| LEADER |
00000cab a2200000 a 4500 |
| 001 |
vtls010910019 |
| 003 |
SK-MaSNL |
| 005 |
20260303205606.0 |
| 008 |
230127|1980 xo |||||||||||||||||slo| |
| 015 |
|
|
|a SNBRB
|
| 035 |
|
|
|a (urnnbn)urn:nbn:sk:snk:ar-a0818e
|
| 035 |
|
|
|a (uuid)569a6113-2b4c-4439-9faa-21f2957b09fd
|
| 035 |
|
|
|a urn:nbn:sk:snk-ab8zjs
|
| 040 |
|
|
|a SNKBUCL
|b slo
|c SNKBUCL
|e AACR2
|
| 041 |
0 |
|
|a slo
|b rus
|b eng
|
| 044 |
|
|
|a xo
|c SK
|
| 080 |
|
|
|a 633.1
|2 1981
|
| 080 |
|
|
|a 631.52/.53
|2 1981
|
| 100 |
1 |
|
|a Brindza, Jan,
|d 1949-
|4 aut
|9 190637
|
| 245 |
1 |
0 |
|a Variabilita obsahu hrubého proteínu v zrne hybridov F1, generácie z kríženia s kultivarom Atlas 66
|c J. Brindza
|
| 246 |
3 |
1 |
|a VARIABILITY OF GROSS PROTEIN CONTENTS OF HYBRID GRAINS OF THE F1 FENERATION FROM THE CROSSBREEDING OF THE CULTIVAR ATLAS 66
|
| 546 |
|
|
|a Res. rus., angl.
|
| 650 |
0 |
7 |
|a pšenica
|2 snkbucl
|9 21833
|
| 650 |
0 |
7 |
|a proteíny
|2 snkbucl
|9 14974
|
| 655 |
|
7 |
|a články zo zborníkov
|2 snkbucl
|9 166140
|
| 773 |
0 |
|
|t Acta fytotechnica : Zborník Vysokej školy poľnohospodárskej v Nitre, Agronomická fakulta
|g Roč. 36, č. 36 (1980), s. [3]-14
|
| 954 |
|
|
|a odborná, vedecká literatúra pôvodná (slovenská)
|2 lita
|
| 958 |
|
|
|a OND
|
| 958 |
|
|
|a EUIPO
|
| 958 |
|
|
|a article10
|
| 999 |
|
|
|c 2196137
|d 2198067
|